NFL Rushing Leaders: Carolina Panthers - Statistics

General Stats
  • This quiz has been taken 53 times
  • The average score is 5 of 10
Answer Stats
Rank Player Yards Years w/ Team % Correct
4 ChristianMcCaffrey 3980 2017-2022
87%
2 DeAngeloWilliams 6846 2006-2014
83%
3 CamNewton 5036 2011-2019;2021
74%
1 JonathanStewart 7318 2008-2017
70%
9 ChubaHubbard 1980 2021-2023
55%
7 StephenDavis 2085 2003-2005
36%
5 DeShaunFoster 3336 2003-2007
30%
10 AnthonyJohnson 1795 1995-1999
21%
6 TimBiakabutuka 2530 1996-2001
21%
8 FredLane 2001 1997-1999
11%
No matching quizzes found
Score Distribution
Percent of People with Each Score
Percentile by Number Answered
Your Score History
You have not taken this quiz